000
00250nam a2200109Ia 4500
008
170627s9999 xx 000 0 und d
100
_a
BODHANWALA
245
0
_a
UNDRESTANDING AND ANALYZING BALANCE
260
_b
PHI
260
_c
2005
546
_a
ENGLISH
690
_a
ACCOUNTING
999
_c
35453
_d
35453